000
00289nam a2200121Ia 4500
008
191201s1998 xx 000 0 und d
100
_a
Editorial
245
0
_a
Illustrated Oxford Dictionary
260
_a
N.Delhi
_b
D.K.
_c
1998
300
_a
1008
650
_a
General Books
942
_2
ddc
_c
BK
999
_c
3318
_d
3318